| 000 | 00489 a2200169 4500 | ||
|---|---|---|---|
| 020 | _a0071427317 | ||
| 024 | _a9780071427319 | ||
| 082 | _a658.8'001 | ||
| 090 |
_c6998 _d6998 |
||
| 100 | _aMichaelson,Gerald A. | ||
| 245 |
_aSUN TZU Strategies for Marketing. _b12 Essential Principles for Winning the War for Customers. _cGerald A.Michaelson |
||
| 250 | _a1st. | ||
| 260 |
_aNew York _bMcGraw-Hill _c2004 |
||
| 300 | _a244p. | ||
| 500 | _aPaper cover | ||
| 942 |
_aNBS _cBK _k658.8'001 MIC |
||
| 999 |
_c349332 _d349332 |
||